| 000 | 00511nam a2200193Ia 4500 | ||
|---|---|---|---|
| 999 |
_c10188 _d10188 |
||
| 003 | OSt | ||
| 005 | 20191219160109.0 | ||
| 008 | 190216s9999||||xx |||||||||||||| ||und|| | ||
| 020 | _a0706989422 | ||
| 040 | _coclc | ||
| 082 |
_a337 _bVAR/I |
||
| 100 |
_aVarma, M L _9558 |
||
| 245 | 0 |
_aInternational Trade / _c M L Varma |
|
| 250 | _a1st ed. | ||
| 260 |
_bVikas Publishing House, _c1996. _aDelhi: |
||
| 300 | _a292p | ||
| 650 | _aEconomics | ||
| 942 |
_cBK _2ddc _h337 _iVAR/I _k337 _mVAR/I |
||